000 00609nam a2200241Ia 4500
003 OSt
005 20220924153554.0
006 a|||||r|||| 00| 0
007 ta
008 220923b |||||||| |||| 00| 0 tam d
024 _a350789
037 _cTextual
040 _aARTS
_cARTS
_btam
041 _2tam
_atam
082 _aO31:g, P0
100 _aChandrabose P.Subash Au.
_9229249
245 0 _aTharavum thakavalum
260 _c2000
300 _a142p.
_ccm.
650 _aTAMIL LITERATURE
942 _hO31:g, P0
_cTEXL
_2CC
999 _c474089
_d474089